| 000 | 00334nam a2200121Ia 4500 | ||
|---|---|---|---|
| 008 | 171211s9999 xx 000 0 und d | ||
| 020 | _a9781259250989 | ||
| 100 | _aMescher, Anthony L. | ||
| 245 | _aJunqueira's Basic Histology Text and Atlas | ||
| 250 | _a14th Edition | ||
| 260 |
_bMcGraw-Hill Education _c2016 |
||
| 300 | _a560 pages | ||
| 999 |
_c350889 _d350889 |
||